[Event "Mittelrhein Verbandsliga-S 18/19"]
[Site "Nordrheinwestfalen"]
[Date "2018.09.30"]
[Round "2.5"]
[White "Riege, Dominik"]
[Black "Rasche, Lothar"]
[Result "0-1"]
[WhiteElo "1701"]
[BlackElo "1790"]
[PlyCount "46"]
[EventDate "2018.09.02"]
[EventType "team-tourn"]
[EventRounds "11"]
[EventCountry "GER"]
[SourceTitle "EXT 2022"]
[Source "ChessBase"]
[SourceDate "2021.10.06"]
[SourceVersion "1"]
[SourceVersionDate "2021.10.06"]
[SourceQuality "1"]
[WhiteTeam "Koeln Lasker III"]
[BlackTeam "Hennef"]
[WhiteTeamCountry "GER"]
[BlackTeamCountry "GER"]

1. e4 c5 2. Nf3 Nc6 3. d4 cxd4 4. Nxd4 g6 5. Nc3 Bg7 6. Be3 d6 7. Bb5 Bd7 8. 0-0 Nf6 9. h3 0-0 10. Bc4 Rc8 11. Nde2 Ne5 12. Bb3 Nc4 13. Bxc4 Rxc4 14. Qd3 Rc6 15. Bxa7 b6 16. Nd4 Rc5 17. Qa6 Qa8 18. Qxb6 Nxe4 19. Nxe4 Qxe4 20. c3 Bxh3 21. Nf3 Bxg2 22. Kxg2 Qg4+ 23. Kh2 Rh5+ 0-1